000 03131nam a22002537a 4500
005 20240305165501.0
007 cr|||| ||||
008 180313s2015 es |||||s|||| 00||0 spa d
020 _a978-84-91233-46-6
035 _a21054
040 _avLex
090 _c7470
_d7470
100 1 _aMenéndez Rexach, Ángel
245 1 0 _aEstudios jurídicos sobre seguridad alimentaria
_h[Recurso electrónico] /
_cÁngel Menéndez Rexach
256 _aServicio en línea
260 _aMadrid:
_bMarcial Pons,
_c2015
300 _a1 recurso electrónico
500 _aEste libro reúne un conjunto de trabajos sobre aspectos organizativos, procedimentales y sustantivos del régimen jurídico de la seguridad alimentaria en el ámbito europeo y español. El Libro Blanco de la Comisión Europea, de 12 de enero de 2000, sobre Seguridad Alimentaria, se basa en una concepción integrada que toma en consideración todas las fases, desde la producción primaria hasta la venta o el suministro de alimentos al consumidor, es decir, «desde la granja a la mesa» (from farm to fork). El producto normativo más importante de esta concepción integrada fue el Reglamento (CE) 178/2002, de 28 de enero, por el que se establecen los principios y requisitos generales de la legislación alimentaria, se crea la Autoridad Europea de Seguridad Alimentaria y se fijan los procedimientos correspondientes. Las decisiones comunitarias en la materia se toman, a partir de este Reglamento, con base en el análisis del riesgo, un concepto esencial de la política de seguridad alimentaria, junto con la trazabilidad y la aplicación del principio de precaución. «Nunca hasta ahora se ha tenido tal conocimiento de la relación existente entre alimentación y salud, ni se han generado tantas situaciones de incertidumbre científica, ni se ha demandado por parte de la ciudadanía una intervención administrativa tan importante para garantizar la gestión de los riesgos». Estas palabras del Preámbulo de la Ley de seguridad alimentaria y nutrición de 2011 ponen de relieve los avances realizados pero también la envergadura de los problemas pendientes. Los poderes públicos deben satisfacer las demandas sociales (cada vez más exigentes) sobre la inocuidad y calidad de los alimentos, basándose en el conocimiento científico disponible, lo que implica asumir diversos grados de incertidumbre ante los riesgos alimentarios. Los trabajos recogidos en este libro pueden ser útiles a cualquier persona interesada en asomarse a los problemas jurídicos de este mundo fascinante, y en gran medida nuevo, de la alimentación saludable.
506 1 _aDisponible solo en los productos indicados
_dvLex Global
_dvLex Global (Academic Edition, excluding Law Schools)
_dvLex Global (U.S. Academic Edition, Law Schools)
_dvLex Global (U.S. Academic Edition, excluding Law Schools)
_dvLex Global (Academic Edition, Law Schools)
650 0 4 _aDerecho Público y Administrativo
_zEspaña
740 0 _avLex Libros (Servicio en línea)
856 4 0 _uhttps://app.vlex.com/#/sources/estudios-juridicos-sobre-seguridad-alimentaria-21054
942 _cRAA
999 _c165708
_d165708